[Obituary of Rear Adm. Benjamin Franklin Tilley].

Bibliographic Details
Format: Government Document eBook
Language:English
Published: [Place of publication not identified : publisher not identified], 1907.
Series:Navy Dept. Spec. Orders 3rd Series No. 42
Subjects:
Online Access:Connect to the full text of this electronic document

MARC

Tag First Indicator Second Indicator Subfields
LEADER 00000cam a22000001a 4500
001 in00003661997
005 20190408172539.0
006 m o d f
007 cr bn mmmapmmp
008 020617s1907 dcu o f000 0 eng d
035 |a ebd1909503120 
040 |a UMI  |c UMI  |d UtOrBLW 
086 0 |a N 1.16/3:42 
099 |a N116-3.42 
245 0 0 |a [Obituary of Rear Adm. Benjamin Franklin Tilley]. 
264 1 |a [Place of publication not identified :  |b publisher not identified],  |c 1907. 
300 |a 1 online resource (1 pages) 
336 |a text  |b txt  |2 rdacontent 
337 |a computer  |b c  |2 rdamedia 
338 |a online resource  |b cr  |2 rdacarrier 
490 0 |a Navy Dept. Spec. Orders 3rd Series No. 42 
500 |a Record is based on bibliographic data in ProQuest U.S. Executive Branch Documents, 1789-1909. Reuse except for individual research requires license from ProQuest, LLC. 
533 |a Electronic reproduction.  |b [Bethesda, Md.] :  |c ProQuest,  |d 2012.  |e digital, PDF file.  |n ProQuest U.S. Executive Branch Documents, 1789-1909.  |n Mode of access: World Wide Web via ProQuest website. 
538 |a System requirements: PDF reader software. 
500 |a Electronic resource. 
600 1 0 |a Tilley, Benjamin F. (Rear Adm.) 
655 7 |a Electronic books.  |2 local 
776 1 8 |i Microfiche version:  |t [Obituary of Rear Adm. Benjamin Franklin Tilley]  |o CIS US Exec MF N116-3.42  |w (ProQuest)cis19051729 
856 4 0 |u http://proxy.library.tamu.edu/login?url=http://congressional.proquest.com/congressional/docview/t66.d71.n116-3.42  |z Connect to the full text of this electronic document  |t 0 
999 f f |s 75fe29b2-d333-303b-a035-be27b905e740  |i aa949e15-0356-301b-9184-2f43847721c7  |t 0 
952 f f |a Texas A&M University  |b College Station  |c Electronic Resources  |d Available Online  |t 0  |h No information provided 
998 f f |t 0  |l Available Online